Demographic divided (Record no. 520142)

000 -LEADER
fixed length control field 01157nam a22001457a 4500
008 - FIXED-LENGTH DATA ELEMENTS--GENERAL INFORMATION
fixed length control field 220704b ||||| |||| 00| 0 eng d
100 ## - MAIN ENTRY--PERSONAL NAME
Personal name Singh, Jatinder
245 ## - TITLE STATEMENT
Title Demographic divided
260 ## - PUBLICATION, DISTRIBUTION, ETC. (IMPRINT)
Place of publication, distribution, etc Yojana
300 ## - PHYSICAL DESCRIPTION
Extent 66(3), Mar, 2022: p.43-45
520 ## - SUMMARY, ETC.
Summary, etc Youth has a potential and power to change the world for the better. Harnessing the potential of youth for burgeoning economic opportunities is the role of key stakeholders. At the same time, instilling values of integrity and humility is significant in this journey. Youth is often associated with innovative spirit, entrepreneurship, technological prowess, and sports that bring laurels to the nation. Unleoshing their latent potential and innovativeness can bring the desired change and prosperity for all. lndian youth is known for resilience and innovation. lndia has the largest youth population in the world; it becomes a dire need to focus on their development in this 75th year of lndia's independence. lt is imperative to create an ecosystem to make them partners in growth and development of notion. – Reproduced
773 ## - HOST ITEM ENTRY
Main entry heading Yojana
906 ## - LOCAL DATA ELEMENT F, LDF (RLIN)
Subject DIP YOUTH
942 ## - ADDED ENTRY ELEMENTS (KOHA)
Item type Articles
Holdings
Withdrawn status Lost status Source of classification or shelving scheme Damaged status Not for loan Permanent location Current location Date acquired Serial Enumeration / chronology Barcode Date last seen Koha item type
          Indian Institute of Public Administration Indian Institute of Public Administration 2022-07-04 66(3), Mar, 2022: p.43-45 AR126806 2022-07-04 Articles

Powered by Koha